ARRUPE JESUIT UNIVERSITY

CORONAVIRUS -STOP THE SPREAD - CLEAN,DISINFECT,COVER

Medieval foundations of the western intellectual tradition, 400-1400 / (Record no. 124686)

MARC details
000 -LEADER
fixed length control field 00988cam a2200301 a 4500
001 - CONTROL NUMBER
control field 4517676
003 - CONTROL NUMBER IDENTIFIER
control field ARRUPE
005 - DATE AND TIME OF LATEST TRANSACTION
control field 20160422121549.0
008 - FIXED-LENGTH DATA ELEMENTS--GENERAL INFORMATION
fixed length control field 980107s1997 ctuaf b 001 0 eng
010 ## - LIBRARY OF CONGRESS CONTROL NUMBER
LC control number 97024370
020 ## - INTERNATIONAL STANDARD BOOK NUMBER
International Standard Book Number 0300071426 (alk. paper)
035 ## - SYSTEM CONTROL NUMBER
System control number (OCoLC)37211198
035 ## - SYSTEM CONTROL NUMBER
System control number (OCoLC)ocm37211198
035 ## - SYSTEM CONTROL NUMBER
System control number (NNC)4517676
040 ## - CATALOGING SOURCE
Original cataloging agency DLC
Transcribing agency DLC
Modifying agency NNUT
043 ## - GEOGRAPHIC AREA CODE
Geographic area code e------
090 ## - LOCALLY ASSIGNED LC-TYPE CALL NUMBER (OCLC); LOCAL CALL NUMBER (OCLC)
Classification number (OCLC) (R) ; Classification number, CALL (RLIN) (NR) CB351
Local cutter number (OCLC) ; Book number/undivided call number, CALL (RLIN) .C54 1997
300 ## - PHYSICAL DESCRIPTION
Other physical details ill. ;
Dimensions 24 cm
100 1# - MAIN ENTRY--PERSONAL NAME
Personal name Colish, Marcia L.
9 (RLIN) 24050
245 10 - TITLE STATEMENT
Title Medieval foundations of the western intellectual tradition, 400-1400 /
Statement of responsibility, etc by Marcia L. Colish
260 ## - PUBLICATION, DISTRIBUTION, ETC. (IMPRINT)
Place of publication, distribution, etc New Haven, CT :
Name of publisher, distributor, etc Yale Univesity Press,
Date of publication, distribution, etc 1997
300 ## - PHYSICAL DESCRIPTION
Extent xii, 388 p. :
504 ## - BIBLIOGRAPHY, ETC. NOTE
Bibliography, etc Includes bibliographical references (p. [364]-369) and index
650 #0 - SUBJECT ADDED ENTRY--TOPICAL TERM
Topical term or geographic name as entry element Learning and scholarship
General subdivision History
Chronological subdivision Medieval, 500-1500.
9 (RLIN) 24051
650 #0 - SUBJECT ADDED ENTRY--TOPICAL TERM
Topical term or geographic name as entry element Comparative civilization.
9 (RLIN) 24052
651 #0 - SUBJECT ADDED ENTRY--GEOGRAPHIC NAME
Geographic name Europe
General subdivision Intellectual life.
9 (RLIN) 12477
942 ## - ADDED ENTRY ELEMENTS (KOHA)
Source of classification or shelving scheme Library of Congress Classification
Koha item type Monograph ( Printed materials)
Holdings
Withdrawn status Lost status Source of classification or shelving scheme Damaged status Not for loan Collection code Home library Current library Shelving location Date acquired Total Checkouts Full call number Barcode Date last seen Price effective from Koha item type
    Library of Congress Classification     Main Collection ARRUPE LIBRARY ARRUPE LIBRARY Main Collection 22/04/2016   CB351.C54 1997 46500006496 10/10/2017 22/04/2016 Monograph ( Printed materials)

 

Arrupe Library. PO Box MP320 Mt Pleasant, Harare, Zimbabwe
263 242 745411|librarian@aju.ac.zw